Diplomatické rokovanie v Číne a na blízkom východe bakalárska práca

Na minha lista:
Detalhes bibliográficos
Autor principal: Marková, Michaela
Autor Corporativo: Obchodná fakulta EU. Katedra medzinárodného obchodu
Outros Autores: Čizmadiová, Kristína
Formato: Livro
Idioma:eslovaco
Publicado em: Bratislava 2011
Tags: Adicionar Tag
Sem tags, seja o primeiro a adicionar uma tag!

MARC

LEADER 00000nam a2200000 4500
001 0151007
005 20240320072006.1
041 0 |a slo 
044 |a SK 
245 1 0 |a Diplomatické rokovanie v Číne a na blízkom východe  |b bakalárska práca  |c Michaela Marková ; školiteľ: Kristína Čižmadiová 
264 1 |a Bratislava  |c 2011 
300 |a 50 s. 
100 1 |a Marková, Michaela 
700 1 |a Čizmadiová, Kristína 
710 2 |a Obchodná fakulta EU. Katedra medzinárodného obchodu